| 000 | 01050nam a22003377a 4500 | ||
|---|---|---|---|
| 003 | CHAP | ||
| 005 | 20220329143709.0 | ||
| 008 | 110210s1994 us r 00010 eng d | ||
| 010 | _a100484 | ||
| 011 | _a101456 | ||
| 020 | _a0316474088 | ||
| 035 | _a112144 | ||
| 040 | _cCHAP | ||
| 082 | 0 | 4 |
_a615.320913 _bJ85 |
| 100 | 1 |
_aJoyce, Christopher _962241 |
|
| 245 | 1 | 0 |
_aEarthly goods : _bmedicine - hunting in the rainforest _c/por Christopher Joyce |
| 260 |
_aBoston : _bLittle, Brown, _cc1994 |
||
| 300 | _axvi, 304 p. | ||
| 590 |
_aBATCH-UPD _b10 _c20130110 _lUCH01 _h0845 |
||
| 590 |
_aBATCH-UPD _b10 _c20130410 _lUCH01 _h0519 |
||
| 590 |
_aBATCH-UPD _b10 _c20130914 _lUCH01 _h0743 |
||
| 590 |
_aCONVERSION _b10 _c20130109 _lUCH01 _h1355 |
||
| 650 | 1 | 4 |
_aBotánica médica. _914680 |
| 650 | 1 | 4 |
_aMateria médica. _972929 |
| 650 | 1 | 4 |
_aPlantas tropicales. _989088 |
| 650 | 1 | 4 |
_aSelvas _xTrópicos. _9103829 |
| 901 | _aBK | ||
| 911 | _aen proceso | ||
| 942 | _cLIBRO | ||
| 949 |
_a615.320913 J85 _bBC _cLIBRO _d33724002231728 _eLIBRO _h114211 _i112144 _sb |
||
| 999 |
_c100484 _d100484 |
||